Countries Containing Z - One Minute Sprint - Statistics

General Stats
  • This quiz has been taken 118 times
  • The average score is 10 of 16
Answer Stats
country % Correct
Zambia
96%
Zimbabwe
96%
Azerbaijan
82%
Mozambique
77%
Uzbekistan
68%
Kyrgyzstan
64%
Kazakhstan
61%
Belize
57%
New Zealand
56%
Venezuela
55%
Czechia
52%
Brazil
45%
Bosnia and Herzegovina
43%
Swaziland
43%
Tanzania
42%
Switzerland
39%
No matching quizzes found
Score Distribution
Percent of People with Each Score
Percentile by Number Answered
Your Score History
You have not taken this quiz